Sanat - "Lapsuuden sankarille" - Miljoonasade - Statistics

Yleistilastot
  • Tätä visaa on pelattu 30 kertaa
  • Keskiarvotulos 57 / 91
Vastaustilastot
Vastaus % Oikein
elävänä
100%
elävänä
100%
Gagarin
100%
Gagarin
100%
Gagarin
100%
Gagarin
100%
Juri
100%
Juri
100%
Juri
100%
Juri
100%
Lennä
100%
lennä
100%
Lennä
100%
lennä
100%
Lennä
100%
lennä
100%
Lennä
100%
lennä
100%
takaisin
100%
takaisin
100%
Tule
100%
Tule
100%
Miltä
86%
Miltä
86%
näyttää
86%
kuu
77%
Suomen
77%
Afrikka
73%
Heiluuko
73%
lanteet
73%
on
73%
Entä
68%
hiljainen
68%
maapallon
68%
fuuga
64%
luinen
64%
onko
64%
pilvet
64%
se
64%
se
64%
Soiko
64%
Vai
64%
Kun
59%
kun
59%
ne
59%
tähdet
59%
tänne
59%
tuoksuu
59%
Ja
55%
Ja
55%
Ja
55%
liikkeessä
55%
menee
55%
rikki
55%
kymppiin
50%
maailmaa
50%
minne
50%
neuloo
50%
täällä
50%
väännät
50%
ihmiset
45%
lapsien
45%
liikkeen
45%
Näetkö
45%
Näetkö
45%
Näetkö
45%
Näetkö
45%
Näetkö
45%
pesineet
45%
syntyvän
45%
Kuuletko
41%
rahan
41%
häpeilee
36%
juovat
36%
korviin
36%
kuulokkeet
36%
laitat
36%
Aselastit
32%
lämmin
32%
laukausten
32%
omistajaa
32%
sieltä
32%
vaihtaa
32%
Vielä
32%
kaupungin
27%
päällä
27%
rakastavaiset
27%
volumen
23%
katseeni
18%
minun
18%
viattomuttaan
5%
Ehtoja vastaavia visoja ei löytynyt
Tulosjakauma
Jokaisen tuloksen saaneiden osuus
Persentiili vastausten määrän mukaan
Tuloshistoriasi
Et ole pelannut tätä visaa